| 000 | 01103nam a2200277Ia 4500 | ||
|---|---|---|---|
| 003 | OSt | ||
| 005 | 20221005111453.0 | ||
| 006 | a|||||r|||| 00| 0 | ||
| 007 | ta | ||
| 008 | 221004b |||||||| |||| 00| 0 hin d | ||
| 020 |
_a9789383980574 (hbk) _cINR 495.00 |
||
| 024 | _a34679 | ||
| 037 |
_b125, 12/09/2017, Eastern Book Linkers _cTextual |
||
| 040 |
_aCRL _cCRL _bhin |
||
| 041 |
_2hin _ahin |
||
| 082 | _aDelta:3, 152Q7 | ||
| 100 | _aशर्मा, राधेश्याम, ले. | ||
| 245 | 0 | _aयोगासन और शरीर विज्ञान | |
| 246 | _aYogāsan aur sharīr vijnyāna | ||
| 260 |
_aनई दिल्ली _bशिवांक प्रकाशन भारत _c2017 |
||
| 300 |
_a231पृ0 _ccm. |
||
| 650 | _a आध्यात्मिक अनुभव और रहस्यवाद | ||
| 650 | _aपाताजंली योग-सूत्र | ||
| 942 |
_hDelta:3, 152Q7 _cTEXL _2cc |
||
| 999 |
_c1021931 _d1021931 |
||